000 00463cam a2200169 4500
001 D12939
008 090401t1870 xxu||||| |||| 00| 0 eng d
035 _a(Sirsi) u6752
041 _aeng
100 _aHeather, J.F.
245 _aDrawing and measuring instruments, Mathematical instruments, their construction, adjustment, testing and use V 1
260 _bCrosby Lockwood
_c1870
350 _a0
520 _aShelf 182
942 _n0
948 _c04/03/1997
999 _c86345
_d86345